| 000 | 00589nmm a2200229 a 4500 | ||
|---|---|---|---|
| 003 | AR-BaBNM | ||
| 005 | 20251128203213.0 | ||
| 008 | 266019s[19- ||||||||||||||000 | spa|| | ||
| 040 | _cAR-BaBNM | ||
| 100 | 1 |
_aMercante, Víctor _d1870-1934 |
|
| 245 | 1 | 0 |
_aPedagogía _bprimer curso |
| 260 |
_aBuenos Aires _bKapelusz _c[19--] |
||
| 300 | 0 | _a409 p. | |
| 650 | 4 | _aHISTORIA DE LA EDUCACION | |
| 650 | 4 | _aORGANIZACION DE LA EDUCACION | |
| 650 | 4 | _aROL DEL DOCENTE | |
| 650 | 4 | _aCOEDUCACION | |
| 651 | 4 | _aArgentina | |
| 653 | 0 | _aCOOPERADORAS ESCOLARES | |
| 942 | _cBK | ||
| 998 | _cSILVI | ||
| 999 |
_c2375 _d2375 |
||